The Knightsbridge shroud (Record no. 67089)
[ view plain ]
| 000 -LEADER | |
|---|---|
| fixed length control field | 01319cam a2200241 4500 |
| 001 - CONTROL NUMBER | |
| control field | ABS64033 |
| 008 - FIXED-LENGTH DATA ELEMENTS--GENERAL INFORMATION | |
| fixed length control field | 000000n2001 000 0 eng u |
| 035 ## - SYSTEM CONTROL NUMBER | |
| System control number | (Sirsi) u112697 |
| 100 ## - MAIN ENTRY--PERSONAL NAME | |
| Personal name | Edwards, M. |
| 245 #4 - TITLE STATEMENT | |
| Title | The Knightsbridge shroud |
| 260 ## - PUBLICATION, DISTRIBUTION, ETC. | |
| Date of publication, distribution, etc. | 2001 |
| 490 ## - SERIES STATEMENT | |
| Series statement | Estates Gazette |
| Volume/sequential designation | (0019) 12 May 2001, 137(1) |
| 520 ## - SUMMARY, ETC. | |
| Summary, etc. | Looks at the issue of shroud advertisements that can cover whole sides of buildings, and are considered eyesores by some. Considers the outcome in "Kensington and Chelsea Royal London BC v Harvey Nichols & Co Ltd and another", which involved the attempts of a planning authority to have a shroud advertisement removed. Town and Country Planning Act 1990 s187B gives the courts power to grant injunctions for both actual and apprehended breaches of planning control. Reveals that case law indicates courts are prepared to help planning authorities obtain injunctions under s178B. |
| 590 ## - LOCAL NOTE (RLIN) | |
| Local note | ABS |
| 650 ## - SUBJECT ADDED ENTRY--TOPICAL TERM | |
| Topical term or geographic name entry element | TOWN AND COUNTRY PLANNING ACT 1990 S178(B) |
| 650 ## - SUBJECT ADDED ENTRY--TOPICAL TERM | |
| Topical term or geographic name entry element | TOWN AND COUNTRY PLANNING (CONTROL OF ADVERTISEMENTS) REGULATIONS 1992 |
| 650 ## - SUBJECT ADDED ENTRY--TOPICAL TERM | |
| Topical term or geographic name entry element | KENSINGTON AND CHELSEA LBC V HARVEY NICHOLS AND CO LTD AND OTHERS |
| 650 ## - SUBJECT ADDED ENTRY--TOPICAL TERM | |
| Topical term or geographic name entry element | RUNNYMEDE BC V HARWOOD |
| 650 ## - SUBJECT ADDED ENTRY--TOPICAL TERM | |
| Topical term or geographic name entry element | ADVERTISEMENTS |
| 690 ## - LOCAL SUBJECT ADDED ENTRY--TOPICAL TERM (OCLC, RLIN) | |
| Topical term or geographic name as entry element | Planning and development |
| 9 (RLIN) | 6259 |
| 700 ## - ADDED ENTRY--PERSONAL NAME | |
| Personal name | Martin, J. |
| 942 ## - ADDED ENTRY ELEMENTS (KOHA) | |
| Suppress in OPAC | 0 |
| Withdrawn status | Lost status | Source of classification or shelving scheme | Damaged status | Not for loan | Home library | Current library | Shelving location | Date acquired | Total Checkouts | Full call number | Barcode | Date last seen | Copy number | Price effective from | Koha item type |
|---|---|---|---|---|---|---|---|---|---|---|---|---|---|---|---|
| Dewey Decimal Classification | London | London | Journal article | 21/05/2001 | ABS64033 | 112697-1001 | 06/08/2019 | 1 | 06/08/2019 | Journal article |